Čaká nás viac práce, ako sme vykonali

Bibliographic Details
Main Author: Kedro, D., 1925- (Author)
Format: Article
Language:Slovak
PhysicalDescription:Obr.
Subjects:

MARC

LEADER 00000nab a2200000 a 4500
001 vtls009278270
003 SK-MaSNL
005 20260426084746.0
008 250506c1975 xo |r|p|||||||000 b|slo
015 |a SNBRB1976 
035 |a (uuid)bc40b218-ba2b-4d2a-876e-e69787e4176f 
035 |a urn:nbn:sk:snk-ab1205 
035 |a (urnnbn)urn:nbn:sk:snk:ar-a00oo2 
038 |a SNKBUCL 
040 |a SNKBUCL  |b slo  |c SNKBUCL  |e AACR2 
041 0 |a slo 
044 |a xo  |c SK 
080 |a 711.432(437.6)  |2 1997 
100 1 |a Kedro, D.,  |d 1925-  |4 aut  |9 1473007 
245 1 0 |a Čaká nás viac práce, ako sme vykonali  |c D. Kedro 
300 |b Obr. 
650 0 7 |a územné plánovanie  |2 snkbucl  |9 2641 
651 7 |a Bratislava (Slovensko)  |2 snkbucl  |9 14568 
773 0 |t Projekt  |g Roč. 17, č. 7-8 (189-190) (1975), s. 4-10 
850 |a Slovenská národná knižnica 
852 |a Slovenská národná knižnica 
954 |a odborná, vedecká literatúra pôvodná (slovenská)  |2 lita 
958 |a article27 
958 |a SK 
958 |a OND 
958 |a EUIPO 
999 |c 2944181  |d 2946111